[Event "Asia-J"]
[Site "Kuala Lumpur"]
[Date "1993.??.??"]
[Round "?"]
[White "Hamid, Mansour Kadi"]
[Black "Al Modiahki, Mohamad"]
[Result "0-1"]
[WhiteElo "2270"]
[BlackElo "2380"]

1.e4 c5 2.Nf3 e6 3.d4 cxd4 4.Nxd4 Nc6 5.Nc3 Qc7 6.Be3 a6 7.Bd3 Nf6 8.O-O Ne5
9.h3 Bc5 10.Kh1 d6 11.f4 Ng6 12.Qf3 O-O 13.Qg3 Nh5 14.Qg5 Nhxf4 15.Rxf4 f6
16.Qg3 Nxf4 17.Qxf4 e5 18.Qg3 Bxd4 19.Nd5 Qd8 20.Bxd4 exd4 21.Bc4 Be6 22.Rd1 Rc8
23.Rxd4 Kh8 24.Ne3 Qe7 25.Bxe6 Qxe6 26.c4 Qe5 27.Qxe5 fxe5 28.Rxd6 Rf4 29.Kg1 Rxe4
30.Kf2 Rd4 31.Rb6 Rd7 32.Ke2 Rc6 33.Rxc6 bxc6 34.Nc2 c5 35.Ne1 e4 36.Ke3 Rd1
37.Nc2 Rb1 38.b4 Rb2 39.Kd2 cxb4 40.Kc1 Rxa2 41.Kb1 Ra5 42.Kb2 Rc5 43.Kb3 a5  0-1

[Event "La Coruna op"]
[Site "La Coruna"]
[Date "1993.??.??"]
[Round "?"]
[White "Jurkovic, Ante"]
[Black "Kurajica, Bojan"]
[Result "0-1"]
[WhiteElo "2290"]
[BlackElo "2550"]

1.e4 c5 2.Nf3 Nc6 3.Nc3 e6 4.d4 cxd4 5.Nxd4 Qc7 6.f4 a6 7.Nf3 b5 8.Bd3 Nb4
9.Be2 Bb7 10.a3 Nc6 11.Be3 d6 12.O-O Nf6 13.Nd2 Be7 14.Bf3 O-O 15.Qe1 Rfe8
16.Qg3 Nd7 17.Ne2 Na5 18.c3 e5 19.Qf2 Nc4 20.Nxc4 bxc4 21.Rad1 Bf8 22.Ng3 d5
23.f5 Nf6 24.exd5 e4 25.Be2 Nxd5 26.Kh1 Rad8 27.Nh5 Qc6 28.Bd4 Qh6 29.Qg3 Kh8
30.Qh3 e3 31.Qg4 Nc7 32.Bxc4 Nb5 33.Bxb5 axb5 34.Rde1 Re4 35.Rf4 Rde8 36.Kg1 f6
37.g3 e2 38.Rxe4 Rxe4 39.Rxe2 Qc1+ 40.Kf2 Qh1 41.Nxf6 Qxh2+ 42.Ke1 Qh1+ 43.Kd2 Qh6+
44.Qf4 gxf6 45.c4 Qxf4+ 46.gxf4 bxc4 47.Bxf6+ Bg7 48.Be5 Bxe5 49.Rxe4 Bc3+
50.Ke3 Bxe4 51.Kxe4 Bxb2 52.a4 c3 53.Kd3 h5 54.a5 Ba3  0-1

[Event "La Coruna op"]
[Site "La Coruna"]
[Date "1993.??.??"]
[Round "?"]
[White "Permuy, Carlos"]
[Black "Hall, Jesper"]
[Result "0-1"]
[WhiteElo "2250"]
[BlackElo "2450"]

1.e4 c5 2.Nf3 Nc6 3.d4 cxd4 4.Nxd4 e6 5.Nc3 d6 6.Be2 Nf6 7.Be3 Be7 8.f4 O-O
9.Qd2 a6 10.O-O-O Bd7 11.g4 Nxd4 12.Bxd4 Bc6 13.Bd3 e5 14.fxe5 Nxg4 15.Qg2 dxe5
16.Qxg4 Qxd4 17.Rhg1 g6 18.Rg3 Rad8 19.h4 Qd7 20.Qe2 Bxh4 21.Rg4 Qe7 22.Rh1 Bg5+
23.Kb1 Kg7 24.Rhg1 h6 25.Qh2 b5 26.Ne2 a5 27.Rh1 a4 28.Ng1 h5 29.Rxg5 Qxg5
30.Ne2 Rfe8 31.Rg1 Qd2 32.Qxh5 Rxd3 33.cxd3 a3 34.bxa3 Qxd3+ 35.Ka1 Qxe4
36.Qh2 Rh8 37.Qf2 Rh1 38.Rxh1 Qxh1+ 39.Kb2 Qg2  0-1

[Event "Las Palmas-B"]
[Site "Las Palmas"]
[Date "1993.??.??"]
[Round "9"]
[White "Garcia Padron, J."]
[Black "Trujillo, Ivan"]
[Result "1/2-1/2"]
[WhiteElo "2465"]
[BlackElo "2165"]

1.e4 c5 2.Nf3 Nc6 3.d4 cxd4 4.Nxd4 e6 5.Nc3 a6 6.g3 Nf6 7.Bg2 Be7 8.O-O O-O
9.Nde2 d6 10.a4 Qc7 11.h3 b6 12.g4 Bb7 13.Ng3 Nb4 14.g5 Nd7 15.f4 d5 16.exd5 exd5
17.Nf5 Bc5+ 18.Kh1 d4 19.Ne4 Rae8 20.Nfg3 f5 21.Nxc5 Bxg2+ 22.Kxg2 Qxc5 23.c3 Qd5+
24.Kh2 Nc6 25.cxd4 Nxd4 26.Ra3 Nc5 27.Be3 Rd8 28.Bxd4 Qxd4 29.Qxd4 Rxd4 30.h4 Rd2+
31.Kh3 Rxb2 32.a5 bxa5 33.Rxa5 Rb5 34.Ra3 Rb3 35.Rxb3 Nxb3 36.Rb1 Nc5 37.Rb6 Nd3
38.Nh5 a5 39.Ra6 Nc5 40.Rxa5 Ne4 41.Ng3 Nxg3 42.Kxg3 g6 43.h5 Re8 44.Kf3 Re7
45.Ra8+ Kg7 46.h6+ Kf7 47.Rh8 Ke6 48.Ke3 Rd7 49.Ke2 Ra7 50.Kd3 Rd7+ 51.Kc4 Rc7+
52.Kd4 Rd7+ 53.Kc5 Rc7+ 54.Kb5 Rb7+ 55.Kc6 Re7 56.Rd8 Ra7 57.Re8+ Re7 58.Ra8 Rd7
59.Ra4 Rd6+ 60.Kc7 Rd7+ 61.Kc8 Ke7 62.Ra1 Rd8+ 63.Kc7 Rd7+ 64.Kc6 Rd6+ 65.Kc5 Rd8
66.Re1+ Kf8 67.Kc6 Kg8 68.Kc7 Ra8 69.Rd1 Rf8 70.Rd6 Ra8 71.Kd7 Ra7+ 72.Ke6 Ra8
73.Rd7 Re8+  1/2-1/2

[Event "Leeuwarden op"]
[Site "Leeuwarden"]
[Date "1993.??.??"]
[Round "5"]
[White "Van der Brink, Peter"]
[Black "Lemmers, Oscar"]
[Result "1/2-1/2"]
[WhiteElo "2210"]
[BlackElo "2385"]

1.Nc3 c5 2.e4 e6 3.Nf3 Nc6 4.d4 cxd4 5.Nxd4 Nf6 6.Ndb5 d6 7.Bf4 e5 8.Bg5 a6
9.Na3 b5 10.Nd5 Be7 11.Nxe7 Qxe7 12.Bd3 h6 13.Bxf6 Qxf6 14.c3 Bb7 15.Nc2 O-O
16.a4 bxa4 17.Rxa4 Ne7 18.c4 Bc6 19.Ra3 Rfb8 20.b4 Qg6 21.O-O Bxe4 22.Bxe4 Qxe4
23.Qxd6 Nc6 24.b5 axb5 25.Rxa8 Rxa8 26.cxb5 Qxc2 27.Qxc6  1/2-1/2

[Event "Leeuwarden op"]
[Site "Leeuwarden"]
[Date "1993.??.??"]
[Round "7"]
[White "Van der Wiel, John TH"]
[Black "Horvath, Jozsef"]
[Result "1/2-1/2"]
[WhiteElo "2565"]
[BlackElo "2545"]

1.e4 c5 2.Nf3 e6 3.d4 cxd4 4.Nxd4 Nc6 5.Nc3 Qc7 6.Be2 a6 7.O-O Nf6 8.Kh1 Be7
9.f4 d6 10.Bf3 O-O 11.Nxc6 bxc6 12.Na4 Bb7 13.c4 c5 14.Qc2 Nd7 15.Be3 Rac8
16.Rad1 Nb8 17.Qf2 Nc6 18.e5 dxe5 19.Bxc5 exf4 20.Bb6 Qb8 21.Rd7 Ba8 22.b3 Rfe8
23.Qe2 Bf6 24.Bc5 Qe5 25.Qf2 Qf5 26.Rdd1 e5 27.Nb6 e4 28.Nxc8 Qxc8 29.Be2 Ne5
30.Rg1 e3 31.Bxe3 fxe3 32.Qxe3 h6 33.Qg3 Ng6 34.Bg4 Qc5 35.Bf3 Be5 36.Qg4 Bxf3
37.Qxf3 Bf6 38.Rge1 Rxe1+ 39.Rxe1 Ne5 40.Qa8+ Kh7 41.Qe4+ g6 42.Rf1 Kg7 43.h3 h5
44.Qf4 Qc6 45.Rd1 h4 46.Rd5 g5 47.Qd4  1/2-1/2

[Event "Leon"]
[Site "Leon"]
[Date "1993.??.??"]
[Round "7"]
[White "Leko, Peter"]
[Black "Sion Castro, Marcelino"]
[Result "1-0"]
[WhiteElo "2465"]
[BlackElo "2390"]

1.e4 c5 2.Nf3 e6 3.d4 cxd4 4.Nxd4 Nc6 5.Nc3 Qc7 6.g3 a6 7.Bg2 Nf6 8.O-O Be7
9.Re1 d6 10.Nxc6 bxc6 11.e5 dxe5 12.Rxe5 O-O 13.Re1 Rd8 14.Qe2 Nd5 15.Na4 Bb7
16.b3 Bf6 17.Bb2 Bxb2 18.Nxb2 Nb6 19.Nd3 a5 20.Nc5 Nd7 21.Nxb7 Qxb7 22.Rad1 Nf6
23.Rd3 Rxd3 24.Qxd3 Qb4 25.Rd1 h5 26.Bxc6 Rc8 27.Qa6 Rc7 28.c4 Kh7 29.Qb5 Qa3
30.Be4+ g6 31.Qe5 Qe7 32.Bf3 Rc5 33.Qd6 Qa7 34.Qf8 g5 35.Rd8 g4 36.Be2 Rf5
37.c5 Rxc5 38.Bd3+ Rf5 39.Bxf5+ exf5 40.Qd6 Kg7 41.Qd4 Qe7 42.Rd6  1-0

[Event "Linares NL m1"]
[Site "Linares"]
[Date "1993.??.??"]
[Round "1"]
[White "Martin del Campo, Roberto"]
[Black "Hernandez, Gilberto"]
[Result "1/2-1/2"]
[WhiteElo "2510"]
[BlackElo "2535"]

1.e4 c5 2.Nf3 e6 3.d4 cxd4 4.Nxd4 Nc6 5.Nc3 Qc7 6.Be3 a6 7.Bd3 Nf6 8.O-O Ne5
9.h3 Bc5 10.Na4 Ba7 11.c4 d6 12.Rc1 Bd7 13.Nc3 O-O 14.b3 Rac8 15.Bb1 Qb8
16.a4 Ng6 17.Qd2 Rfd8 18.Bg5 Qc7 19.Nf5 Bc6 20.Nd5 Bxd5 21.cxd5 Qd7 22.Bxf6 gxf6
23.Ng3 Kh8 24.Nh5 Qe7 25.Kh1 Rxc1 26.Rxc1 Rg8 27.Rc3 exd5 28.Qxd5 Bxf2 29.Qf5 Bd4
30.Rc8 Qe6 31.Qxe6 fxe6 32.Rc7 b5 33.axb5 axb5 34.Bd3 Be5 35.Bxb5 d5 36.Rf7 Rc8
37.Kg1 dxe4 38.Nxf6 Rc1+ 39.Kf2 Bd4+ 40.Kg3 Rc3+ 41.Kh2 Be5+ 42.Kg1 Bxf6
43.Rxf6 Rxb3 44.Be8 Rb6  1/2-1/2

[Event "Linares NL m1"]
[Site "Linares"]
[Date "1993.??.??"]
[Round "5"]
[White "Martin del Campo, Roberto"]
[Black "Hernandez, Gilberto"]
[Result "1-0"]
[WhiteElo "2510"]
[BlackElo "2535"]

1.e4 c5 2.Nf3 e6 3.d4 cxd4 4.Nxd4 Nc6 5.Nc3 Qc7 6.Be3 a6 7.Qd2 Nf6 8.f3 b5
9.O-O-O Ne5 10.Kb1 Bb7 11.g4 b4 12.Na4 h6 13.g5 hxg5 14.Bxg5 Nxf3 15.Nxf3 Nxe4
16.Qf4 Qxf4 17.Bxf4 Nf2 18.Bg2 Nxd1 19.Rxd1 d6 20.Nb6 Rd8 21.Nc4 Bd5 22.Rxd5 exd5
23.Nb6 g6 24.Nxd5 Bg7 25.Nxb4 Be5 26.Bd2 Rb8 27.b3 Kd7 28.Nxa6 Rbe8 29.h3 Bg7
30.Bf1 Rh5 31.a4 Kc8 32.h4 Re4 33.Nb4 Bh6 34.Bxh6 Rxh6 35.Nd5 Kb8 36.Bd3 Rg4
37.a5 Rg3 38.Nd4 Rxd3 39.cxd3 Rxh4 40.Nb5 Kb7 41.Ndc7 g5 42.a6+ Kb6 43.a7 Rh8
44.Kc2 g4 45.Kd2 f5 46.Ke3  1-0

[Event "Linares"]
[Site "Linares"]
[Date "1993.??.??"]
[Round "9"]
[White "Shirov, Alexei"]
[Black "Ivanchuk, Vassily"]
[Result "1/2-1/2"]
[WhiteElo "2670"]
[BlackElo "2710"]

1.e4 c5 2.Nf3 Nc6 3.d4 cxd4 4.Nxd4 e6 5.Nc3 Qc7 6.Be2 a6 7.O-O Nf6 8.Be3 Be7
9.f4 d6 10.Qe1 O-O 11.Qg3 Nxd4 12.Bxd4 b5 13.a3 Bb7 14.Rae1 Bc6 15.Kh1 Qb7
16.Bd3 b4 17.axb4 Qxb4 18.Ne2 Qb7 19.e5 Nh5 20.Qh3 g6 21.Ng3 dxe5 22.Bxe5 Nxg3+
23.hxg3 Bb5 24.c4 Bc6 25.g4 Rad8 26.Re2 f6 27.Bc3 e5 28.fxe5 fxe5 29.Rxf8+ Bxf8
30.Rxe5 Bg7 31.Re3 Bxc3 32.bxc3 Rxd3 33.Rxd3 Bxg2+ 34.Qxg2 Qb1+ 35.Kh2  1/2-1/2

[Event "SWE-chA"]
[Site "Lindesberg"]
[Date "1993.??.??"]
[Round "?"]
[White "Sanden, Stefan"]
[Black "Bergstrom, Rolf"]
[Result "1-0"]
[WhiteElo "2340"]
[BlackElo "2240"]

1.e4 c5 2.Nf3 e6 3.d4 cxd4 4.Nxd4 Nc6 5.Nc3 a6 6.Nxc6 bxc6 7.Bd3 d6 8.O-O Nf6
9.Kh1 Be7 10.f4 Nd7 11.Qh5 Qc7 12.Bd2 Nc5 13.f5 Bf6 14.Rae1 Be5 15.Nd1 Bd7
16.b3 O-O-O 17.Qe2 Kb7 18.c4 Rhe8 19.fxe6 Bxe6 20.Be3 Qe7 21.b4 Nxd3 22.Qxd3 f6
23.b5 Qf7 24.Qa3 Ra8 25.bxc6+ Kc8 26.c5 dxc5 27.Bxc5 Qc7 28.Ne3 Rd8 29.Nd5 Rxd5
30.exd5 Bxd5 31.Qh3+ Kb8 32.Rb1+  1-0

[Event "SWE-ch+"]
[Site "Lindesberg"]
[Date "1993.??.??"]
[Round "1"]
[White "Degerman, Lars"]
[Black "Ornstein, Axel"]
[Result "1-0"]
[WhiteElo "2460"]
[BlackElo "2440"]

1.e4 c5 2.Nf3 e6 3.d4 cxd4 4.Nxd4 Nc6 5.Nc3 Qc7 6.Be3 Nf6 7.Bd3 Ne5 8.f4 Neg4
9.Bd2 Bc5 10.Ncb5 Qb6 11.c3 a6 12.b4 Bxb4 13.cxb4 axb5 14.Bc3 O-O 15.Qe2 d6
16.h3 e5 17.Nxb5 d5 18.fxe5 dxe4 19.Bc4 Nh5 20.hxg4 Nf4 21.Qxe4  1-0

[Event "SWE-ch"]
[Site "Lindesberg"]
[Date "1993.??.??"]
[Round "2"]
[White "Eriksson, Johan"]
[Black "Engqvist, Thomas"]
[Result "0-1"]
[WhiteElo "2305"]
[BlackElo "2420"]

1.e4 c5 2.Nf3 e6 3.d4 cxd4 4.Nxd4 Nc6 5.Nc3 d6 6.Be3 Nf6 7.f3 Be7 8.Qd2 O-O
9.g4 Nd7 10.O-O-O Nde5 11.Qg2 a6 12.h4 b5 13.Nxc6 Nxc6 14.g5 b4 15.Ne2 a5
16.Kb1 a4 17.h5 b3 18.cxb3 axb3 19.a3 d5 20.Bc1 Qc7 21.g6 Nb4 22.Nd4 dxe4
23.h6 fxg6 24.hxg7 Rf7 25.Nxb3 exf3 26.Qd2 e5 27.Rxh7 Bf5+ 28.Ka1 Nc2+ 29.Ka2 Nb4+
30.Ka1 Rxg7 31.Rxg7+ Kxg7 32.Qh6+ Kg8 33.Rd2 Nc2+ 34.Ka2 Nb4+ 35.Ka1 Bf6
36.Rh2 Nc2+ 37.Ka2 Nb4+ 38.Ka1 e4 39.Bc4+ Qxc4 40.Qh7+ Kf8 41.Bh6+ Ke8  0-1

[Event "Lisboa-ch"]
[Site "Lisboa"]
[Date "1993.??.??"]
[Round "1"]
[White "Damaso, Rui"]
[Black "Almeida, Jose T"]
[Result "1-0"]
[WhiteElo "2425"]
[BlackElo "2235"]

1.e4 c5 2.Nf3 e6 3.d4 cxd4 4.Nxd4 Nc6 5.Nc3 a6 6.Bf4 d6 7.Nxc6 bxc6 8.Bc4 d5
9.exd5 cxd5 10.Nxd5 exd5 11.Bxd5 Ra7 12.Qf3 Bb4+ 13.c3 Qe7+ 14.Kf1 Bd6 15.Re1 Be6
16.Bxe6 fxe6 17.Qc6+ Rd7 18.Bxd6  1-0

[Event "Lisboa-ch"]
[Site "Lisboa"]
[Date "1993.??.??"]
[Round "4"]
[White "Pereira, Alvaro"]
[Black "Almeida, Jose T"]
[Result "1-0"]
[WhiteElo "2295"]
[BlackElo "2235"]

1.e4 c5 2.Nf3 e6 3.d4 cxd4 4.Nxd4 Nc6 5.Nc3 a6 6.Nxc6 bxc6 7.e5 Qa5 8.f4 d5
9.exd6 Nf6 10.Qd4 Rb8 11.Bd2 Qb4 12.Qxb4 Rxb4 13.d7+ Nxd7 14.O-O-O Nf6 15.Bd3 Be7
16.Rhe1 Rb8 17.f5 O-O 18.fxe6 fxe6 19.Bc4 Kf7 20.Ne4 Nd5 21.Ng5+ Bxg5 22.Bxg5 Kg6
23.Bd2 h6 24.Bd3+ Kf7 25.Rf1+ Ke7 26.Rxf8 Kxf8 27.Rf1+ Ke7 28.Bg6 Nf6 29.a3 c5
30.Be3 Kd6 31.Bf4+ e5 32.Bxh6 Ng4 33.Bxg7 Nxh2 34.Rf6+ Ke7 35.Rf7+ Ke6 36.Rf8  1-0

[Event "Ljubljana op"]
[Site "Ljubljana"]
[Date "1993.??.??"]
[Round "?"]
[White "Burovic, Ismet"]
[Black "Susnik, Matej"]
[Result "1-0"]
[WhiteElo "2285"]
[BlackElo "2175"]

1.e4 c5 2.Nc3 e6 3.Nf3 Nc6 4.d4 cxd4 5.Nxd4 Qc7 6.Be3 a6 7.Bd3 Nf6 8.Nxc6 bxc6
9.O-O Be7 10.Kh1 O-O 11.g4 d5 12.g5 Nxe4 13.Nxe4 dxe4 14.Bxe4 Bb7 15.Qh5 g6
16.Qf3 f5 17.gxf6 Rxf6 18.Qg2 Rb8 19.Rad1 c5 20.b3 c4 21.Bd4 Rf5 22.Bxb7 Qxb7
23.Qxb7 Rxb7 24.bxc4 Rc7 25.Rfe1 Kf7 26.Be3 Rxc4 27.Rd7 Rd5 28.Ra7 a5 29.c3 Rxc3
30.Rb1 Kf6 31.h4 Bc5 32.Rc7 Bb4 33.Bg5+ Kf5 34.Rf7+ Ke4 35.Re1+ Kd3 36.Rxe6 Rf5
37.Rd7+ Kc2 38.Re2+  1-0

[Event "Ljubljana op"]
[Site "Ljubljana"]
[Date "1993.??.??"]
[Round "?"]
[White "Justin, Matijaz"]
[Black "Susnik, Matej"]
[Result "1-0"]
[WhiteElo "2385"]
[BlackElo "2175"]

1.e4 c5 2.Nf3 e6 3.d4 cxd4 4.Nxd4 Nc6 5.Nc3 Qc7 6.Be3 a6 7.g4 Nxd4 8.Qxd4 b5
9.Bg2 Bb7 10.O-O-O Rc8 11.Rd2 Nf6 12.h3 e5 13.Qd3 Bb4 14.g5 Nh5 15.Bf3 Nf4
16.Bxf4 exf4 17.Qd4 Bxc3 18.bxc3 O-O 19.Kb2 Qa5 20.Rd3 Rc4 21.Qxd7 Bxe4 22.Bxe4 Rxe4
23.Rd4 Rxd4 24.Qxd4 Rc8 25.h4 Qc7 26.Re1 g6 27.Re5 b4 28.c4 Qxc4 29.Re8+  1-0

[Event "London Lloyds"]
[Site "London"]
[Date "1993.??.??"]
[Round "2"]
[White "Emms, John M"]
[Black "Tozer, Richard"]
[Result "1-0"]
[WhiteElo "2455"]
[BlackElo "2300"]

1.e4 c5 2.Nf3 e6 3.d4 cxd4 4.Nxd4 Nc6 5.Nc3 Qc7 6.Be3 a6 7.Bd3 b5 8.O-O Bb7
9.Qe2 Nf6 10.a3 Ne5 11.h3 Rc8 12.f4 Nc4 13.e5 Nd5 14.Nxd5 Bxd5 15.c3 d6 16.exd6 Bxd6
17.Rae1 Nxe3 18.Qxe3 O-O 19.f5 e5 20.f6 exd4 21.Qg5 Bh2+ 22.Kh1 Qg3 23.Qxd5 Qxd3
24.fxg7 Kxg7 25.Kxh2 f6 26.Rf3 Qc2 27.Re7+ Kh8 28.Qxd4 Qg6 29.Rg3 Qf5 30.Rgg7 Rcd8
31.Qh4 h5 32.Qf2  1-0

[Event "London Lloyds"]
[Site "London"]
[Date "1993.??.??"]
[Round "3"]
[White "Rotman, Daniel"]
[Black "Arakhamia, Ketevan"]
[Result "0-1"]
[WhiteElo "2205"]
[BlackElo "2440"]

1.e4 c5 2.Nf3 e6 3.d4 cxd4 4.Nxd4 Nc6 5.Nc3 d6 6.Be2 Nf6 7.O-O Be7 8.Be3 Bd7
9.f4 Nxd4 10.Qxd4 Bc6 11.Bf3 O-O 12.Rad1 Nd7 13.Nd5 exd5 14.exd5 Bb5 15.c4 Ba6
16.b4 b5 17.c5 dxc5 18.Qb2 Bb7 19.Qf2 cxb4 20.d6 Bh4  0-1

[Event "London Lloyds"]
[Site "London"]
[Date "1993.??.??"]
[Round "4"]
[White "Mitkov, Nikola"]
[Black "Stebbings, Anthony"]
[Result "1-0"]
[WhiteElo "2495"]
[BlackElo "2250"]

1.e4 c5 2.Nc3 Nc6 3.Nf3 e6 4.d4 cxd4 5.Nxd4 Qc7 6.a3 a6 7.Be3 b5 8.Bd3 Bb7
9.O-O Nf6 10.Qe2 Bd6 11.h3 Be7 12.f4 d6 13.Rae1 O-O 14.Qf2 Nd7 15.Qg3 Nxd4
16.Bxd4 e5 17.fxe5 dxe5 18.Be3 Bc5 19.Kh2 Bxe3 20.Rxe3 Nc5 21.Rf5 f6 22.Qh4 Rad8
23.Rg3 Nxd3 24.cxd3 Qf7 25.Qh6 Kh8 26.Qe3 Qe6 27.Rf2 Rd6 28.Qa7 Qd7 29.Rff3 Ra8
30.Qf2 Rd8 31.Nd1 Qc7 32.Ne3 Rxd3 33.Rxf6 Qe7 34.Rf7  1-0

[Event "Loosdorf op"]
[Site "Loosdorf"]
[Date "1993.??.??"]
[Round "6"]
[White "Neumeier, Klaus"]
[Black "Hardicsay, Peter"]
[Result "1/2-1/2"]
[WhiteElo "2330"]
[BlackElo "2360"]

1.e4 c5 2.Nf3 Nc6 3.Nc3 e6 4.d4 cxd4 5.Nxd4 Nf6 6.Nxc6 bxc6 7.e5 Nd5 8.Ne4 Qa5+
9.c3 f5 10.exf6 Nxf6 11.Nd6+ Bxd6 12.Qxd6 Ba6 13.Bxa6 Qxa6 14.Bg5 Rd8 15.h4 Qc4
16.Rd1 Qxa2 17.b4 Qc2 18.Rh3 Qg6 19.Re3 Qf7 20.Ra1 Qe7 21.Qxe7+ Kxe7 22.Rxa7 Ra8
23.Rb7 Rhb8 24.Bxf6+ gxf6 25.Rxb8 Rxb8 26.Rg3 Kf7 27.h5 Rb5 28.h6 Rg5 29.Rxg5 fxg5
30.c4 d5 31.c5 e5 32.Ke2 Ke6 33.Ke3 Kf5 34.f3 Ke6 35.g3 Kf5 36.Kd3 Ke6 37.Ke3  1/2-1/2

[Event "Loosdorf op"]
[Site "Loosdorf"]
[Date "1993.??.??"]
[Round "6"]
[White "Golubev, Mihail"]
[Black "Zvjaginsev, Vadim"]
[Result "1-0"]
[WhiteElo "2500"]
[BlackElo "2455"]

1.e4 c5 2.Nf3 e6 3.Nc3 Nc6 4.d4 cxd4 5.Nxd4 Qc7 6.Be3 Nf6 7.Bd3 a6 8.O-O h5
9.h3 Nxd4 10.Bxd4 Bc5 11.Bxc5 Qxc5 12.Qf3 d6 13.Qg3 g5 14.Na4 Qa5 15.b3 Ke7
16.f4 Rg8 17.e5 Ne8 18.Rad1 Bd7 19.exd6+ Nxd6 20.Bh7 Bxa4 21.Bxg8 Qc5+ 22.Qf2 Qxf2+
23.Rxf2 Ne4 24.Bh7 Nxf2 25.Kxf2 Bc6 26.fxg5 Rh8 27.Bd3 h4 28.g3 f6 29.gxf6+ Kxf6
30.gxh4 e5 31.Be2 Rxh4 32.Bg4 Ke7 33.Rd2 b5 34.c4 b4 35.c5 Rh6 36.Ke3 a5
37.Rf2 Kd8 38.Rf8+ Kc7 39.Rf7+ Kb8 40.Rf8+ Kc7 41.Rf7+ Kb8 42.Re7 Bg2 43.Rxe5 Bxh3
44.Bxh3 Rxh3+ 45.Kd4 Rc3 46.Kd5 Kb7 47.Re7+ Ka6 48.Re6+ Ka7 49.Kc6 a4 50.Kb5 axb3
51.axb3  1-0

[Event "Loosdorf op"]
[Site "Loosdorf"]
[Date "1993.??.??"]
[Round "8"]
[White "Honfi, Karoly"]
[Black "Kaposztas, Miklos"]
[Result "1/2-1/2"]
[WhiteElo "2365"]
[BlackElo "2265"]

1.e4 c5 2.Nf3 Nc6 3.Nc3 e6 4.d4 cxd4 5.Nxd4 Nf6 6.Nxc6 bxc6 7.e5 Nd5 8.Ne4 Qa5+
9.c3 f5 10.exf6 Nxf6 11.Nd6+ Bxd6 12.Qxd6 Qb6 13.Bd3 c5 14.Bf4 Bb7 15.O-O Rc8
16.Rfe1 c4 17.Bf1 Qxd6 18.Bxd6 Kf7 19.Rad1 Bd5 20.Rd4 a5 21.g4 Rc6 22.Ba3 h6
23.h4 g5 24.h5 Re8 25.Bg2 Bxg2 26.Kxg2 e5 27.Rd6 Rxd6 28.Bxd6 Nxg4 29.Re4 Nf6
30.Rxc4 Nxh5 31.Rc5 Nf4+ 32.Kg1 Re6 33.Bc7 Nd3 34.Rxa5 Nxb2 35.Rxe5 Rc6 36.Bd8 Rxc3
37.Re7+ Kg6 38.Rxd7 Ra3 39.Kg2 Nd3 40.Bc7 Ne1+ 41.Kf1 Nf3 42.Rd6+ Kh5 43.Ke2 g4
44.Rd5+ Kg6 45.Rd6+ Kf5 46.Rxh6 Rxa2+ 47.Ke3 Ra3+ 48.Ke2 Nd4+ 49.Kf1 Ra1+
50.Kg2 Nf3 51.Rh1 Ne1+ 52.Kh2 Kg5 53.Rf1 Kf5 54.Kh1 Ke4 55.Ba5 Rxa5 56.Rxe1+ Kf3
57.Kg1 Ra3 58.Rb1  1/2-1/2

[Event "Loosdorf op"]
[Site "Loosdorf"]
[Date "1993.??.??"]
[Round "8"]
[White "Lanc, Alois"]
[Black "Lehner, Oliver"]
[Result "1-0"]
[WhiteElo "2445"]
[BlackElo "2300"]

1.e4 c5 2.Nf3 e6 3.d4 cxd4 4.Nxd4 Nc6 5.Nc3 Qc7 6.f4 a6 7.Nxc6 bxc6 8.Bd3 c5
9.Qe2 Bb7 10.O-O Ne7 11.b3 Ng6 12.Bd2 Be7 13.Qh5 O-O-O 14.Na4 d5 15.exd5 Rxd5
16.Qe2 Qc6 17.Bc3 Rh5 18.Rae1 Bf6 19.Bxf6 gxf6 20.Be4 Qxe4 21.Qxe4 Bxe4 22.Rxe4 Rd8
23.Rc4 Rd4 24.f5 Rxc4 25.fxg6 Rd4 26.gxf7 Rd8 27.Rxf6 Rf5 28.f8=Q Rxf8 29.Rxf8+ Rxf8
30.Nxc5 e5 31.g3 a5 32.a3 Rf3 33.b4 Rxa3 34.bxa5 Rxa5 35.Ne4 Ra2 36.Nf6 Rxc2
37.Nxh7 Kd7 38.Ng5 Ke7 39.h4 Kf6 40.Kf1 Kf5 41.Nf3 Ra2 42.h5 e4 43.Nd4+ Kg4
44.h6 Kxg3 45.Ne2+ Kf3 46.Nd4+ Ke3 47.Nf5+ Kf4 48.Nh4 Rh2 49.Ng2+ Kf3 50.Ne1+ Ke3
51.Ng2+ Kd2  1-0

[Event "POL-chT"]
[Site "Lubniewice"]
[Date "1993.??.??"]
[Round "?"]
[White "Byczynska, Joanna"]
[Black "Erenska Radzewska, Hanna"]
[Result "1-0"]
[WhiteElo "2050"]
[BlackElo "2210"]

1.e4 c5 2.Nf3 e6 3.d4 cxd4 4.Nxd4 Nc6 5.Nc3 Qc7 6.Nxc6 bxc6 7.Bd3 Nf6 8.O-O Bd6
9.h3 O-O 10.Qe1 e5 11.Ne2 Bc5 12.c4 d5 13.Ng3 dxe4 14.Bxe4 Nxe4 15.Nxe4 Bd4
16.Nc3 Bf5 17.Qe2 Rfd8 18.Rd1 Rab8 19.Be3 h6 20.Rac1 Qd6 21.b3 Qg6 22.Kh1 c5
23.Nd5 Qe6 24.Bxd4 cxd4 25.f4 d3 26.Qe3 h5 27.fxe5 Rxd5 28.cxd5 Qxd5 29.Qxa7 Re8
30.Rc5 Qe6 31.Kh2 f6 32.exf6 Qxf6 33.Qc7 Rf8 34.Qf4 Qe6 35.Qc4 Qxc4 36.Rxc4 g6
37.Rd4 Ra8 38.a4 Rb8 39.g4 hxg4 40.hxg4 Be6 41.R1xd3 Kf7 42.b4 Rc8 43.b5 Rc2+
44.Kg3 Rb2 45.Rf4+ Kg7 46.Rd6 Bg8 47.b6 Rb3+ 48.Rf3 Rb1 49.a5 Bc4 50.Rd7+ Kh6
51.Rc3 Be2 52.Ra7 Rb4 53.b7 Bd1 54.a6 Kg5 55.Ra8  1-0

[Event "Wch Team"]
[Site "Luzern"]
[Date "1993.??.??"]
[Round "3"]
[White "Lanka, Zigurds"]
[Black "Franzoni, Giancarlo"]
[Result "1/2-1/2"]
[WhiteElo "2540"]
[BlackElo "2440"]

1.e4 c5 2.Nf3 e6 3.d4 cxd4 4.Nxd4 Nc6 5.Nc3 Qc7 6.Be2 a6 7.O-O Nf6 8.Be3 Bb4
9.Na4 Be7 10.Nxc6 bxc6 11.Nb6 Rb8 12.Nxc8 Qxc8 13.e5 Nd5 14.Bc1 Bc5 15.c4 Ne7
16.b3 Qc7 17.Bb2 O-O 18.Bd3 Ng6 19.Qh5 Rbd8 20.Kh1 d6 21.exd6 Bxd6 22.Rae1 Bb4
23.Re3 Qa5 24.Qxa5 Bxa5 25.Ba3 Bb6 26.c5 Bc7 27.g3 Ne7 28.f4 Rd7 29.Rf2 Rfd8
30.Be4 Rd1+ 31.Kg2 Nd5 32.Bxd5 R1xd5 33.Kf3 h5 34.Rc2 Rd2 35.Rxd2 Rxd2 36.Re2 Rd3+
37.Ke4 Rd5 38.b4 e5 39.fxe5  1/2-1/2

[Event "Madrid"]
[Site "Madrid"]
[Date "1993.??.??"]
[Round "7"]
[White "Topalov, Veselin"]
[Black "Lautier, Joel"]
[Result "1/2-1/2"]
[WhiteElo "2635"]
[BlackElo "2645"]

1.e4 c5 2.Nf3 e6 3.d4 cxd4 4.Nxd4 Nc6 5.Nc3 Qc7 6.Be3 a6 7.Bd3 Nf6 8.O-O Bd6
9.h3 Bf4 10.Bxf4 Qxf4 11.Nxc6 dxc6 12.a4 Qc7 13.a5 e5 14.Qd2 Be6 15.Na4 Rd8
16.Qc3 O-O 17.Nc5 Bc8 18.Rad1 Nh5 19.Bc4 Nf4 20.b4 Qe7 21.Qf3 h5 22.c3 g5
23.Nd3 Nxd3 24.Bxd3 h4 25.Bc4 Kg7 26.Rxd8  1/2-1/2

[Event "Malmo"]
[Site "Malmo"]
[Date "1993.??.??"]
[Round "9"]
[White "Hellers, Ferdinand"]
[Black "Eriksson, Magnus"]
[Result "1/2-1/2"]
[WhiteElo "2565"]
[BlackElo "2365"]

1.e4 c5 2.Nf3 e6 3.d4 cxd4 4.Nxd4 Nc6 5.Nc3 Qc7 6.g3 a6 7.Bg2 Nf6 8.O-O Be7
9.Re1 d6 10.Nxc6 bxc6 11.e5 dxe5 12.Rxe5 O-O 13.Bf4 Qb7 14.Re2 Nd5 15.Nxd5 exd5
16.c4 Be6 17.cxd5 cxd5 18.Qd4 Rac8 19.Be5 Qb5 20.Bf1 Bc5 21.Qf4 Qb4 22.Qxb4 Bxb4
23.a3 Be7 24.Rd2 Rc6 25.Bg2 f6 26.Bf4 g5 27.Be3 Rb8 28.b4 Rd8 29.Rd3 Kg7
30.Rad1 Bg4 31.Rxd5 Rxd5 32.Rxd5 Rc3 33.Ra5 Rb3 34.Bd5 Rb1+ 35.Kg2 Be2 36.Be4 Re1
37.h4 gxh4 38.gxh4 Bb5 39.a4  1/2-1/2

[Event "AUS-ch op"]
[Site "Melbourne"]
[Date "1993.??.??"]
[Round "9"]
[White "Wohl, Aleksandar H"]
[Black "Johansen, Darryl K"]
[Result "0-1"]
[WhiteElo "2370"]
[BlackElo "2495"]

1.e4 c5 2.Nc3 e6 3.Nge2 Nc6 4.d4 cxd4 5.Nxd4 d6 6.Be3 Nf6 7.Qd2 Be7 8.f3 O-O
9.g4 a6 10.g5 Nd7 11.h4 Nde5 12.Be2 b5 13.Nxc6 Nxc6 14.O-O-O Qa5 15.Kb1 b4
16.Nd5 exd5 17.exd5 b3 18.Qxa5 bxc2+ 19.Kxc2 Nxa5 20.b4 Nb7 21.Kb3 Re8 22.Bd3 Bd7
23.Rc1 Bd8 24.Bd4 Bb5 25.Bf5 a5 26.a4 Be2 27.Rhe1 axb4 28.Bd3 Bb6 29.Bxb6 Bxd3
30.Rxe8+ Rxe8 31.Kxb4 h5 32.gxh6 Rb8 33.hxg7 Nc5 34.a5 Kxg7 35.Rg1+ Kh6 36.Kc3 Ba6
37.Kd4 Nd7 38.Rb1 Rc8 39.Rb4 Ne5 40.Ke4 Kg6 41.Bd4 f5+ 42.Ke3 f4+ 43.Ke4 Bd3+
44.Kxf4 Rf8+ 45.Kg3 Rxf3+ 46.Kg2 Rf4 47.Bc3 Be4+ 48.Kg1 Nd3 49.Rb6 Rxh4 50.Rxd6+ Kh5
51.Kf1 Bf3 52.Bd4 Rxd4 53.Rd8 Re4 54.Kg1 Kh4 55.Rh8+ Kg3 56.Rg8+ Bg4 57.Rf8 Nf4  0-1

[Event "AUS-ch op"]
[Site "Melbourne"]
[Date "1993.??.??"]
[Round "10"]
[White "West, Guy"]
[Black "Laird, Craig"]
[Result "1/2-1/2"]
[WhiteElo "2410"]
[BlackElo "2270"]

1.e4 c5 2.Nc3 e6 3.Nf3 Nc6 4.d4 cxd4 5.Nxd4 a6 6.Nxc6 bxc6 7.Bd3 Qc7 8.O-O Nf6
9.f4 d6 10.b3 e5 11.Bb2 Be7 12.fxe5 Ng4 13.Qf3 Nxe5 14.Qg3 O-O 15.Ne2 Qd8
16.h3 a5 17.Nd4 Bh4 18.Qe3 Bf6 19.Rxf6 Qxf6 20.Nxc6 Re8 21.Rf1 Qg6 22.Bb5 Ba6
23.Bxa6 Rxa6 24.Nd4 a4 25.Nf5 axb3 26.axb3 Ra2 27.Qd4 h6 28.Kh1 Nc6 29.Qc3 Ne5
30.Rd1 Re6 31.Rxd6 Kh7 32.Rxe6 fxe6 33.Qxe5 exf5 34.exf5 Qg5 35.c4 Ra7 36.b4 Re7
37.Qd6 Re2 38.Qg6+ Qxg6 39.fxg6+ Kxg6 40.Bd4 Re4 41.Bc5 Rxc4 42.Kh2 h5 43.Kg3 Kf5
44.Bd6 Rc2 45.Bf8 Rc3+ 46.Kh2 g6 47.Be7 Rd3 48.Bc5 Ke4 49.Bb6 Rd2 50.Bc7 Rc2
51.Bd8 Rb2 52.Be7 Rd2 53.Bc5 Rd5 54.Kg3 Rg5+ 55.Kf2 Rf5+ 56.Kg3 Rg5+ 57.Kf2 Rd5
58.Kg3 Kf5 59.Kf3 Rd3+ 60.Kf2 h4 61.Be7 g5 62.Kg1 Rb3 63.Kh2 Rb2 64.Kg1 Rd2
65.Bc5 Kf4 66.Bb6 Ke4 67.Bc7 Rd7 68.Bb6 Kd3 69.Kf2 Rf7+ 70.Kg1 Ke2 71.Bd8 Rf1+
72.Kh2 Rf5 73.Kg1 Rd5 74.Be7 Ke3 75.Bc5+ Kf4 76.Bb6 Rd7 77.Kf2 Rf7 78.Bc5 g4
79.hxg4 Kxg4+ 80.Kg1 Rf6 81.Kh2 Ra6 82.Kg1 Ra2 83.Bd6 Ra1+ 84.Kf2 Rd1 85.Bc7 Rd7
86.Bb6 Rd2+ 87.Kg1  1/2-1/2